Liedtext - Einmal zurück in die Zeit - Tream - Statistiken

Allgemein
  • Dieses Quiz wurde 39 mal gespielt
  • Das Durchschnittsergebnis liegt bei 203 aus 338
Antwortstatistiken
Antwort % Korrekt
ein,
100%
Einmal
96%
einmal,
96%
einmal
96%
die
92%
in
92%
wie
92%
Zeit,
92%
Zeit
92%
zurück
92%
da
88%
das?
88%
auf
85%
wär
85%
Du
81%
aus
73%
mir
73%
Bescheid,
69%
Ich
69%
ich
69%
keinem
69%
sag
69%
Wir
69%
wir
69%
dir
65%
so
65%
Und
65%
und
65%
doch
62%
Doch
62%
es
62%
nicht
62%
Als
58%
an
58%
Ausbrechen,
58%
Ausbrechen
58%
Maisfeldern
58%
nochmal
58%
Schlafen
58%
verzeihen,
58%
der
54%
könntest
54%
mich
54%
nach
54%
werd
54%
wieder
54%
Aber
50%
bei
50%
dann
50%
Dann
50%
dann:
50%
von
50%
Doppelpunkt
46%
eine
46%
hab
46%
ist
46%
ob,
46%
Oh,
46%
Stern,
46%
waren
46%
wars
46%
werde
46%
2010
42%
alles
42%
back
42%
Beyblades
42%
Beziehungsstatus
42%
bleibt
42%
drehen
42%
future
42%
gern
42%
Idee,
42%
Mainstage
42%
manchen
42%
möglich
42%
nur
42%
offen
42%
sind
42%
Sommer
42%
the
42%
to
42%
unsere
42%
Abenden
38%
älter,
38%
dahin
38%
früher
38%
Guitar
38%
HayDay
38%
Hero
38%
hinten
38%
komm
38%
meiner
38%
sehen,
38%
stolz
38%
würd
38%
durchs
35%
erwachsener
35%
ey
35%
Feld
35%
geworden
35%
habe
35%
Herzklopfen
35%
MMS
35%
scheinbar
35%
solche
35%
bist
31%
fühlen
31%
Konsequenzen
31%
nächste
31%
rannten
31%
schaust
31%
Scheiß
31%
schon,
31%
Sehnsucht,
31%
Bahn
27%
Brust
27%
gehts
27%
Jahren
27%
lang
27%
mehr
27%
Scheiße,
27%
steht
27%
wirft
27%
ichs
23%
paar
23%
sagst
23%
Sony
23%
Walkman
23%
Zeitmaschine
23%
hören,
19%
wayne,
19%
Ericsson
15%
flieg
15%
Babe
12%
eins
12%
Merk
8%
bald
4%
vor´n
4%
Keine übereinstimmenden Quizze gefunden
Verteilung der Resultate
Anzahl Personen mit jedem Resultat
Perzentil nach korrekt beantworteten Fragen
Ihre Resultats-Entwicklung
Sie haben dieses Quiz noch nicht gespielt